| 000 | 00477cam a2200193ua 4500 | ||
|---|---|---|---|
| 020 | _c2.50 | ||
| 041 |
_aeng _h |
||
| 082 |
_a530 _bSEE/PR |
||
| 100 | _aSeetharaman, K S . | ||
| 245 |
_aPre-degree practical physics / _cK S Seetharaman. _hTextual Documents |
||
| 250 |
_a1 / _b. |
||
| 260 |
_aChennai : _bThe National Publishing Co , _c1964. |
||
| 300 | _a107 ; . | ||
| 365 | _a2.50 | ||
| 504 | _a | ||
| 942 | _cBK | ||
| 999 |
_c10695 _d10695 |
||